000 00355nam a2200145Ia 4500
008 231129s2002||||xx |||||||||||||| ||spa||
020 _a958-33-3693-9
040 _bspa
082 _aCo861 Ch537m
100 _aChilito Diego
245 0 _aMentes espesas
260 _c2002
264 _a/s.n./
942 _2ddc
_cBKS
999 _c20997
_d20997